000 00393cam a2200145 a 4500
020 _a0072322500
040 _cDLC
082 0 0 _a320 THO 2001 C284 Or.
100 1 _aPatterson, Thomas E.
245 1 4 _aThe American democracy /
250 _a5th ed.
260 _aBoston :
_bMcGraw Hill,
_cc2001.
300 _axxxvi, 623, A-24, G-11, N-16, C-5, I-18 p. :
_bcol. ill. ;
_c26 cm.
942 _cAEDBB
999 _c22391
_d22391